Państwa kończące się na U - Statystyki

Ogólne statystyki
  • Ten quiz został rozwiązany 27 821 razy
  • Średni wynik to 4 z 6
Statystyki odpowiedzi
Odpowiedź % Poprawnych
Peru
85%
Palau
72%
Nauru
71%
Tuvalu
69%
Vanuatu
69%
Gwinea Bissau
33%
Nie znaleziono quizów pasujących do podanych kryteriów
Rozkład punktacji
Procent ludzi z każdym wynikiem
Percentyl według liczby udzielonych odpowiedzi
Twoja historia wyników
Nie rozwiązałeś tego quizu